000 00819nac a22002537a 4500
001 BR7704024
003 BR-BrBNA
005 20240105114118.0
008 230509b bl.|||m| |||| 00| 0 por d
040 _aBR-BrBNA
_bpor
_cBiblioteca Nacional de Agricultura
072 _aL10
090 _a5400 BR7704024
110 1 _aSociedade Brasileira Caes Pastores Alemaes, Sao Paulo, SP
_99618
245 1 _aRaca pastor Alemao 1977 [Registro genealogico, Brasil]
_bno. 37.447 a 43729
260 3 _aSao Paulo, SP (Brasil):
_c[nd].
300 _a163 p.
490 _aRegistro de Origem. Raca Pastor Alemao (Brazil)
_vv. 17
_x
500 _aPublished after 1977
650 _aPASTOR ALEMAO
650 _aRACA
650 _aREGISTRO GENEALOGICO
909 _a202312
_bLúcia Elande
_c55
_dLúcia Elande
942 _2AGRIS
_n0
_cMS
999 _c267449
_d267449